Průvodce sbírkami národního musea v Praze

Bibliographic Details
Format: Book
Language:Undetermined
PhysicalDescription:132 s.
Published: V Praze Společnost národního musea 1926

MARC

LEADER 00000nam a2200000 a 4500
001 vtls001397887
003 SK-MaSNL
005 20260223131402.0
008 001012s1926 xx 0 und
035 |a SNK000352307 
040 |a SNK  |b slo  |c SNK  |e AACR2 
245 1 |a Průvodce sbírkami národního musea v Praze 
260 |a V Praze  |b Společnost národního musea  |c 1926 
300 |a 132 s. 
999 |c 552255  |d 554185 
952 |t P60, <04>, [BOOK], {604}  |a SNK  |b SNK  |y VYP  |7 0  |p 17A0254962  |o snkID 1056  |0 0  |1 0  |4 0  |d 2000-10-12  |l 0  |r 2005-01-02 00:00:00  |w 2026-02-23